000 00815cam a22002171 4500
001 he 65000635
003 DLC
005 20260227111430.0
008 840227s1964 is 000 0 heb
010 _ahe 65000635
035 _a(OCoLC)19208808
040 _aDLC
_cMH
_dDLC
042 _apremarc
050 0 0 _aDS135.R9
_bM34
245 0 0 _aMatsav ha-Yehudim bi-Verit ha-moʻatsot :
_bdin ṿe-ḥeshbon shel tseṿet-meḥḳar sotsyalisṭi benleʼumi, April 1964.
260 _a[Tel Aviv] :
_b[ha-Histadrut ha-kelalit shel ha-ʻovdim ha-ʻIvrim be-Erets Yiśraʼel, ha-Vaʻad ha-poʻel, ha-Merkaz le-tarbut ule-ḥinukh,
_c[1964]
300 _a43 p. ;
_c21 cm.
650 0 _aJews
_zSoviet Union.
710 2 _aHistadrut ha-kelalit shel ha-ʻovdim ha-ʻIvrim be-Erets-Yiśraʼel.
752 _aIsrael
_dTel Aviv
999 _c31083
_d31083